01314nam a2200361Ia 450000500170000000800410001702000340005802000300009204100080012210000300013024501080016025000180026830000250028649000470031153400560035865000370041465000410045165000520049265000350054465000340057965000320061370000360064570000410068170000400072294200150076226400260077733600270080333700330083033800280086304000350089108400110092699900150093720220317001734.0170328s2016 s g 000 f s  a9788420600000 (Obra completa) a9788420652740 (volumen 3) aspa1 aProust, Marceld1871-192210aEn busca del tiempo perdido, 3bel mundo de GuermantescMarcel Proust ; traducción de Consuelo Borges a3a. edición a784 páginasc18 cm aEl libro de bolsillo : biblioteca de autor bÀ la recherche du temps perdu: Sodome et Gomorrhe142LEMBaNovela francesaySiglo XIX142LEMBaLiteratura francesaySiglo XIX142LEMBaVida social y costumbres en la literatura142LEMBaMemoria en la literatura142LEMBaTiempo en la literatura142LEMBaArte en la literatura1 aSalinas, Pedrod1891-1959898591 aQuiroga Plá, José María9898601 aBorges, Consueloetraductora989861 2loccBKLIT aMadridbAlianzac2016 atextobtxt2rdacontent asin mediaciónbn2rdamedia avolumenbnc2rdacarrier aCO-BoRNBPbspaerdacCO-BoRNBP aN PRO1 c7920d7920